Geography Quiz

Random Geography or World Quiz

'T' Countries on a Map Quiz Stats

 Plays Quiz Updated Oct 17, 2015

Challenge
Share
Tweet
Score 0/12 Timer 01:30
5 Plays Today
% Correct
Turkey
92.3%
Thailand
90.5%
Taiwan
86.6%
Tunisia
86.5%
Turkmenistan
84.5%
Tanzania
82.4%
Trinidad and Tobago
80.1%
Togo
79.9%
Tajikistan
79.7%
Tuvalu
72.5%
Tonga
69.7%
Timor-Leste
68.1%

You're not logged in!

Compare scores with friends on all Sporcle quizzes.
Join for Free
OR
Log In

You Might Also Like...

Show Comments

Extras

Top Quizzes Today


Score Distribution

Your Account Isn't Verified!

In order to create a playlist on Sporcle, you need to verify the email address you used during registration. Go to your Sporcle Settings to finish the process.

Report this User

Report this user for behavior that violates our Community Guidelines.

Details: